Städte, die auf einer Karte mit D beginnen - Statistiken

Allgemein
  • Dieses Quiz wurde 141 mal gespielt
  • Das Durchschnittsergebnis liegt bei 15 aus 30
Antworten auf der Karte
Die Antworten werden auf der Karte rot bzw. grün angezeigt, abhängig davon wie oft sie richtig erraten wurden.
 
Antwortstatistiken
Stadt % Korrekt
Dublin
96%
Düsseldorf
96%
Dresden
85%
Dallas
80%
Detroit
80%
Denver
79%
Delhi
78%
Dubai
78%
Dakar
75%
Damaskus
66%
Doha
64%
Dhaka
61%
Dijon
57%
Dschibuti
54%
Durban
54%
Donezk
50%
Dar es Salaam
48%
Duschanbe
46%
Darwin
41%
Dili
41%
Dundee
40%
Dodoma
34%
Daegu
24%
Douala
21%
Dalian
15%
Des Moines
15%
Da Nang
13%
Davao
13%
Dammam
11%
Dongguan
6%
Keine übereinstimmenden Quizze gefunden
Verteilung der Resultate
Anzahl Personen mit jedem Resultat
Perzentil nach korrekt beantworteten Fragen
Ihre Resultats-Entwicklung
Sie haben dieses Quiz noch nicht gespielt